Events management : (Record no. 12496)
[ view plain ]
| 000 -LEADER | |
|---|---|
| fixed length control field | 00589nam a2200193 4500 |
| 003 - CONTROL NUMBER IDENTIFIER | |
| control field | URS |
| 005 - DATE AND TIME OF LATEST TRANSACTION | |
| control field | 20220114162504.0 |
| 008 - FIXED-LENGTH DATA ELEMENTS--GENERAL INFORMATION | |
| fixed length control field | 020101b xxu||||| |||| 00| 0 eng d |
| 020 ## - INTERNATIONAL STANDARD BOOK NUMBER | |
| International Standard Book Number | 9789719533832 |
| 040 ## - CATALOGING SOURCE | |
| Original cataloging agency | DCHE |
| Description conventions | rda |
| Transcribing agency | dche |
| 041 0# - LANGUAGE CODE | |
| Language code of text/sound track or separate title | eng |
| 042 ## - AUTHENTICATION CODE | |
| Authentication code | DMLUC |
| 050 00 - LIBRARY OF CONGRESS CALL NUMBER | |
| Classification number | GT 3405 |
| Item number | R64 2012 |
| 100 1# - MAIN ENTRY--PERSONAL NAME | |
| Personal name | Rodolfa, Bernardo B., |
| Titles and words associated with a name | Jr. |
| Relator term | author. |
| 245 10 - TITLE STATEMENT | |
| Title | Events management : |
| Remainder of title | guide for tourism, hospitality, and business professional / |
| Statement of responsibility, etc. | Bernardo B. Rodolfa, Jr. |
| 300 ## - PHYSICAL DESCRIPTION | |
| Extent | x, 131 pages : |
| Other physical details | illustrations ; |
| Dimensions | 23 cm |
| 650 ## - SUBJECT ADDED ENTRY--TOPICAL TERM | |
| Topical term or geographic name entry element | Special events |
| General subdivision | Management. |
| 942 ## - ADDED ENTRY ELEMENTS (KOHA) | |
| Source of classification or shelving scheme | Dewey Decimal Classification |
| Koha item type | Filipiniana |
| Withdrawn status | Source of classification or shelving scheme | Damaged status | Not for loan | Collection code | Home library | Current library | Shelving location | Date acquired | Source of acquisition | Total Checkouts | Barcode | Date last seen | Copy number | Price effective from | Koha item type |
|---|---|---|---|---|---|---|---|---|---|---|---|---|---|---|---|
| Dewey Decimal Classification | Fiction | Angono College Library | Angono College Library | On Display | 01/01/2002 | donation | URSANG-2669 | 01/01/2002 | 1 | 01/01/2002 | Filipiniana | ||||
| Dewey Decimal Classification | Fiction | Angono College Library | Angono College Library | On Display | 01/01/2002 | donation | URSANG-2671 | 01/01/2002 | 3 | 01/01/2002 | Filipiniana | ||||
| Dewey Decimal Classification | Fiction | Angono College Library | Angono College Library | On Display | 01/01/2002 | donation | URSANG-2673 | 01/01/2002 | 5 | 01/01/2002 | Filipiniana | ||||
| Dewey Decimal Classification | Fiction | Angono College Library | Angono College Library | On Display | 01/01/2002 | donation | URSANG-2670 | 01/01/2002 | 2 | 01/01/2002 | Filipiniana |